Risk-y Names Quiz Stats

 Plays Quiz not verified by Sporcle

Challenge
Share
Tweet
Embed
Score 0/12 Timer 03:00
0 Plays Today
Hint Country % Correct
SiamThailand
91.4%
HindustanIndia
91.4%
RhinelandGermany
90.6%
UralRussia
89.9%
IberiaSpain
89.2%
ManchuriaChina
88.5%
MesoamericaMexico
88.5%
IrkutskRussia
85.6%
KamchatkaRussia
80.6%
RhodesiaZimbabwe
79.1%
JutlandDenmark
71.2%
LombardyItaly
70.5%

You're not logged in!

Compare scores with friends on all Sporcle quizzes.
Join for Free
OR
Log In

You Might Also Like...

Show Comments

Extras

Top Quizzes Today


Score Distribution

Your Account Isn't Verified!

In order to create a playlist on Sporcle, you need to verify the email address you used during registration. Go to your Sporcle Settings to finish the process.

Report this User

Report this user for behavior that violates our Community Guidelines.

Details: